| 000 | 01098nac a22003617a 4500 | ||
|---|---|---|---|
| 001 | BR7000850 | ||
| 003 | BR-BrBNA | ||
| 005 | 20240105113407.0 | ||
| 008 | 230509b bl.|||m| |||| 00| 0 por d | ||
| 040 |
_aBR-BrBNA _bpor _cBiblioteca Nacional de Agricultura |
||
| 072 | _aE10; E70 | ||
| 090 | _aE10 BR7000850 | ||
| 100 | 1 | _aDelfim Netto, A. | |
| 100 | 1 | _aPastore, A.C. | |
| 100 | 1 | _aCarvalho, E.P. de | |
| 110 | 1 |
_aAssociacao Nacional de Programacao Economica e Social, Sao Paulo, SP (Brasil) _9666 |
|
| 245 | 1 | _aAgricultura e desenvolvimento no Brasil [desenvolvimento economico] | |
| 260 | 3 |
_aSao Paulo, SP (Brasil): _c[nd]. |
|
| 300 | _a152 p. | ||
| 490 |
_aEstudos ANPES (Brazil) _vno. 5 _x |
||
| 500 | _a40 tables; 42 graphs; Published after 1970 | ||
| 650 | _aAGRICULTURA | ||
| 650 | _aALIMENTO | ||
| 650 | _aESTATISTICA DE PRODUCAO | ||
| 650 | _aEXPORTACAO | ||
| 650 | _aPRECO | ||
| 650 | _aDEMANDA | ||
| 650 | _aINDUSTRIALIZACAO | ||
| 650 | _aMAO-DE-OBRA | ||
| 650 | _aPRODUTIVIDADE | ||
| 909 |
_a202312 _bLúcia Elande _c55 _dLúcia Elande |
||
| 942 |
_2AGRIS _n0 _cMS |
||
| 999 |
_c263481 _d263481 |
||